000 00278nam a2200109Ia 4500
001 1272306
005 20260417151426.0
008 260417s9999 xx 000 0 und d
020 _a9786256698154
245 0 _aKardeşim Gelmeden Önce
_cSonja Danowski
260 _bKetebe Çocuk
999 _c1272306
_d1272306